Library Logo

Pioneer International University Library Catalogue

Kitu kidogo tu! / (Record no. 9342)

MARC details
000 -LEADER
fixed length control field 00715nam a22002657a 4500
001 - CONTROL NUMBER
control field 12359202
003 - CONTROL NUMBER IDENTIFIER
control field OSt
005 - DATE AND TIME OF LATEST TRANSACTION
control field 20250901165808.0
008 - FIXED-LENGTH DATA ELEMENTS--GENERAL INFORMATION
fixed length control field 010131s2000 tz 000 0 swa
010 ## - LIBRARY OF CONGRESS CONTROL NUMBER
LC control number 00379304
020 ## - INTERNATIONAL STANDARD BOOK NUMBER
International Standard Book Number 9976983018
035 ## - SYSTEM CONTROL NUMBER
System control number (DLC) 00379304
040 ## - CATALOGING SOURCE
Original cataloging agency DLC
Transcribing agency DLC
042 ## - AUTHENTICATION CODE
Authentication code lcode
050 00 - LIBRARY OF CONGRESS CALL NUMBER
Classification number PL 8704 .K36 2000
100 1# - MAIN ENTRY--PERSONAL NAME
Personal name Kamugisha, Thomas A. R.
245 10 - TITLE STATEMENT
Title Kitu kidogo tu! /
Statement of responsibility, etc. Thomas A.R. Kamugisha.
260 ## - PUBLICATION, DISTRIBUTION, ETC.
Place of publication, distribution, etc. Dar es Salaam :
Name of publisher, distributor, etc. MPB Enterprises,
Date of publication, distribution, etc. c2000.
300 ## - PHYSICAL DESCRIPTION
Extent 114 p. ;
Dimensions 21 cm.
520 ## - SUMMARY, ETC.
Summary, etc. A novel.
546 ## - LANGUAGE NOTE
Language note In Swahili.
906 ## - LOCAL DATA ELEMENT F, LDF (RLIN)
a 7
b cbc
c origode
d 3
e ncip
f 20
g y-gencatlg
942 ## - ADDED ENTRY ELEMENTS (KOHA)
Source of classification or shelving scheme Library of Congress Classification
Koha item type Books
Holdings
Withdrawn status Lost status Source of classification or shelving scheme Damaged status Not for loan Collection Home library Current library Shelving location Date acquired Source of acquisition Total checkouts Full call number Barcode Date last seen Price effective from Koha item type
    Library of Congress Classification       Main Library Main Library   03/20/2025 Donation from KICD   PL 8704 .K36 2000 PIUD0000187 03/20/2025 03/20/2025 Books
    Library of Congress Classification       Main Library Main Library   03/20/2025 Donation from KICD   PL 8704 .K36 2000 PIUD0000188 03/20/2025 03/20/2025 Books